Πληροφοριακά συστήματα διοίκησης στην εκπαίδευση : διπλωματική εργασία [μεταπτυχιακή εργασία]
Αποθηκεύτηκε σε:
| Κύριος συγγραφέας: | |
|---|---|
| Συγγραφή απο Οργανισμό/Αρχή: | |
| Άλλοι συγγραφείς: | |
| Μορφή: | Thesis Βιβλίο |
| Γλώσσα: | Greek |
| Δημοσίευση: |
2015.
|
| Θέματα: | |
| Διαθέσιμο Online: | http://hdl.handle.net/11610/17415 |
| Ετικέτες: |
Προσθήκη ετικέτας
Δεν υπάρχουν, Καταχωρήστε ετικέτα πρώτοι!
|
MARC
| LEADER | 00000cam a2200000 a 4500 | ||
|---|---|---|---|
| 001 | 1/111234 | ||
| 008 | 160704s2015####gr | ||| |||| ||gre|| | ||
| 040 | |a GR-MyUa |b gre |c GR-MyUa |e AACR2 | ||
| 041 | 0 | |a gre | |
| 082 | 7 | |a 371.334 |2 (23) | |
| 100 | 1 | |a Βογιατζής, Αναστάσιος. | |
| 245 | 1 | 0 | |a Πληροφοριακά συστήματα διοίκησης στην εκπαίδευση : |b διπλωματική εργασία [μεταπτυχιακή εργασία] / |c Βογιατζής Αναστάσιος ; επιβλέπων καθηγητής: Φεσάκης Γεώργιος. |
| 260 | |c 2015. | ||
| 300 | |a 119 σ. : |b εικ. ; |c 30 εκ. | ||
| 502 | # | # | |a Διατριβή (μεταπτυχιακή) – Πανεπιστήμιο Αιγαίου, Ρόδος, 2015. |
| 504 | |a Βιβλιογραφία: σ. 108-119. | ||
| 506 | 1 | |a Πλήρες κείμενο - Ελεύθερη δημοσίευση - Κλειδωμένη η δυνατότητα αντιγραφής. | |
| 650 | 0 | |a Educational technology. | |
| 650 | 0 | |a Information technology |x Educational aspects. | |
| 650 | 0 | |a Education |x Effect of technological innovations on. | |
| 700 | 1 | |a Φεσάκης, Γεώργιος, |e dgs [Επιβλέπων καθηγητής] | |
| 710 | 2 | |a Πανεπιστήμιο Αιγαίου |b Σχολή Ανθρωπιστικών Επιστημών |b Τμήμα Επιστημών της Προσχολικής Αγωγής και του Εκπαιδευτικού Σχεδιασμού |b Πρόγραμμα Μεταπτυχιακών Σπουδών Μοντέλα Σχεδιασμού και Ανάπτυξης Εκπαιδευτικών Μονάδων. | |
| 852 | |a INST |b RHODES |c DIATR |e 20160704 |h 371.334 ΒΟΓ |p 005400038539 |q 005400038539 |t MTXE |y 23 | ||
| 856 | |u http://hdl.handle.net/11610/17415 | ||
| 924 | |a Βογιατζής |b Αναστάσιος |y Ρόδος |z 2016-01 | ||
| 970 | |z 04-07-2016 | ||